| 000 | 00493nam a22001817a 4500 | ||
|---|---|---|---|
| 005 | 20251010115227.0 | ||
| 008 | 251008b |||||||| |||| 00| 0 eng d | ||
| 020 | _a81-7956-001-5 | ||
| 041 | _aeng | ||
| 082 | _a622.8 KEJ-S | ||
| 100 |
_aKEJRIWAL, PROF B.K. _98720 |
||
| 245 | _aSAFETY IN MINES: A SURVEY OF ACCIDENTS THEIR CAUSES & PREVENTION [1901 TO 2000] | ||
| 250 | _a1ST ED. 1994 | ||
| 260 |
_aDHANBAD _bLOVELY PRAKASHAN _c2022 |
||
| 300 | _a394;P | ||
| 650 | _aMINING | ||
| 942 | _cBK | ||
| 999 |
_c8893 _d8891 |
||